00755cam a22002293a 450000100060000000300060000600500170001200800410002904000150007004200070008505000070009210000360009924501150013526000290025050600300027951600200030965300400032965300330036965300520040283000290045485600420048313455PGUSA20140828083305.0040914s2004||||xxu|||||s|||||000 1 eng d aPGUSAbeng adc 4aPZ1 aStratemeyer, Edward,d1862-193014aThe Rover Boys In The Mountains :bOr, A Hunt for Fun and Fortuneh[electronic resource] /cEdward Stratemeyer bProject Gutenberg,c2004 aPublic domain in the USA. aElectronic text aTreasure troves -- Juvenile fiction aBrothers -- Juvenile fiction aAdirondack Mountains (N.Y.) -- Juvenile fiction 0aProject Gutenbergv1345540uhttp://www.gutenberg.org/ebooks/13455